| 000 | 00642nam a22002417a 4500 | ||
|---|---|---|---|
| 003 | CEu | ||
| 005 | 20140310183002.0 | ||
| 008 | 130209t xxu||||| |||| 00| 0 eng d | ||
| 020 | _a9718170154 | ||
| 050 |
_aPN 4775 _b.So714 2000 |
||
| 100 | _aSoriano, Robert F. | ||
| 245 |
_aNewspaper management : _b(a course module for college students) / _cRobert F. Soriano |
||
| 260 |
_a[s.l.] : _bBooklore Publishing Corporation, _c2000. |
||
| 300 |
_a181 p. : _c25.3 cm. |
||
| 521 | _aMC | ||
| 650 | _aNewspaper | ||
| 650 | _aJournalism | ||
| 942 |
_2lcc _cBK _kLOC |
||
| 999 |
_c18131 _d18131 |
||